Construction futures (Record no. 117845)

MARC details
000 -LEADER
fixed length control field 01067cam a2200229 4500
001 - CONTROL NUMBER
control field ABS68095
008 - FIXED-LENGTH DATA ELEMENTS--GENERAL INFORMATION
fixed length control field 040812n2004 000 0 eng u
035 ## - SYSTEM CONTROL NUMBER
System control number (Sirsi) u127057
100 ## - MAIN ENTRY--PERSONAL NAME
Personal name Moore, P.
245 ## - TITLE STATEMENT
Title Construction futures
260 ## - PUBLICATION, DISTRIBUTION, ETC.
Date of publication, distribution, etc. 2004
490 ## - SERIES STATEMENT
Series statement Architects' Journal
Volume/sequential designation 220(4) 22 July 2004, 36-37(2)
520 ## - SUMMARY, ETC.
Summary, etc. Quarterly survey examines the impact recent government interventions may have on the construction industry. Highlights that new regulations on the disposal of hazardous waste are likely to double the cost of disposal. Investment in health and education will boost public non-housing sector output by 13% in 2004, by a further 6% in 2005 and by 6% in 2006. Graphs detail changes in tender price index, construction output versus tender price index and regional tender price forecast.
590 ## - LOCAL NOTE (RLIN)
Local note ABS
590 ## - LOCAL NOTE (RLIN)
Local note ABS
650 ## - SUBJECT ADDED ENTRY--TOPICAL TERM
Topical term or geographic name entry element SURVEYS
650 ## - SUBJECT ADDED ENTRY--TOPICAL TERM
Topical term or geographic name entry element TENDER PRICES INDEX
650 ## - SUBJECT ADDED ENTRY--TOPICAL TERM
Topical term or geographic name entry element CONSTRUCTION OUTPUT STATISTICS
650 ## - SUBJECT ADDED ENTRY--TOPICAL TERM
Topical term or geographic name entry element CONSTRUCTION INVESTMENT
690 ## - LOCAL SUBJECT ADDED ENTRY--TOPICAL TERM (OCLC, RLIN)
Topical term or geographic name as entry element BUILDING AND CONSTRUCTION-MARKET
942 ## - ADDED ENTRY ELEMENTS (KOHA)
Suppress in OPAC 0
Holdings
Withdrawn status Lost status Source of classification or shelving scheme Damaged status Not for loan Home library Current library Shelving location Date acquired Total Checkouts Full call number Barcode Date last seen Copy number Price effective from Koha item type
    Dewey Decimal Classification     London London Journal article 12/08/2004   ABS68095 127057-1001 06/08/2019 1 06/08/2019 Journal article